[Event "World Blitz Championship (Women)"]
[Site "Riyadh KSA"]
[Date "2017.12.30"]
[EventDate "2017.12.29"]
[Round "16.18"]
[Result "0-1"]
[White "Olga Girya"]
[Black "Marie Sebag"]
[WhiteElo "2484"]
[BlackElo "2492"]
[PlyCount "80"]

1. d4 d5 2. c4 c6 3. Nf3 Nf6 4. Nc3 e6 5. Bg5 h6 6. Bxf6 Qxf6
7. e3 Nd7 8. Bd3 g6 9. O-O Bg7 10. Rc1 O-O 11. h3 Qe7 12. Qb3
Rd8 13. Rfd1 dxc4 14. Bxc4 b6 15. a4 Rb8 16. Qc2 Bb7 17. Rb1
a5 18. Rd2 Nf6 19. e4 c5 20. d5 exd5 21. exd5 Nh5 22. Re1 Qf6
23. Ne4 Qf4 24. d6 Kh7 25. Re3 Re8 26. d7 Rxe4 27. Rxe4 Bxe4
28. Qd1 Rd8 29. Bb5 Bxf3 30. gxf3 Bd4 31. Kf1 Qh2 32. Qb3 Qf4
33. Re2 Kg7 34. Re8 Qc1+ 35. Kg2 Qg5+ 36. Kf1 Qh4 37. Qc2 Nf4
38. Rxd8 Qxd8 39. Qe4 Qh4 40. Qxf4 Qxf2# 0-1

[Event "World Blitz Championship (Women)"]
[Site "Riyadh KSA"]
[Date "2017.12.30"]
[EventDate "2017.12.29"]
[Round "17.14"]
[Result "1-0"]
[White "Marie Sebag"]
[Black "Natalia Zhukova"]
[WhiteElo "2492"]
[BlackElo "2444"]
[PlyCount "100"]

1. e4 e6 2. d4 d5 3. Nd2 c5 4. exd5 exd5 5. Ngf3 Nc6 6. Bb5
Qe7+ 7. Be2 Qc7 8. O-O Nf6 9. Re1 Be6 10. dxc5 Bxc5 11. Nb3
Bb6 12. Nfd4 O-O 13. Be3 a6 14. c3 Ne5 15. Bf4 Nf3+ 16. Bxf3
Qxf4 17. Rxe6 fxe6 18. Nxe6 Qh4 19. g3 Qh6 20. Nxf8 Rxf8
21. Nd4 Ne4 22. Bxe4 dxe4 23. Qe2 Qf6 24. Rf1 Re8 25. Qc4+ Kh8
26. Qd5 Re7 27. a4 h6 28. Re1 Rf7 29. Re2 Bxd4 30. Qxd4 Qxd4
31. cxd4 Re7 32. Re3 Kh7 33. f3 Rc7 34. fxe4 Rc4 35. Rd3 Rxa4
36. Kf2 Kg8 37. Kf3 Kf7 38. e5 Ke6 39. Ke4 Rb4 40. b3 a5
41. h4 b5 42. Rc3 a4 43. bxa4 bxa4 44. Rc6+ Kd7 45. Ra6 Rc4
46. Kd5 Rb4 47. e6+ Ke7 48. Ke5 Rb1 49. Ra7+ Ke8 50. Rxa4 Re1+
1-0

[Event "World Blitz Championship (Women)"]
[Site "Riyadh KSA"]
[Date "2017.12.30"]
[EventDate "2017.12.29"]
[Round "18.11"]
[Result "1-0"]
[White "Marie Sebag"]
[Black "Almira Skripchenko"]
[WhiteElo "2492"]
[BlackElo "2403"]
[PlyCount "131"]

1. e4 d6 2. d4 Nf6 3. Nc3 e5 4. Nf3 Nbd7 5. Bc4 Be7 6. O-O O-O
7. Re1 a6 8. a4 b6 9. Ne2 Bb7 10. Ng3 exd4 11. Nxd4 Nc5
12. Bd3 Re8 13. f3 Bf8 14. Bg5 Ne6 15. Nxe6 fxe6 16. f4 Qd7
17. Bxf6 gxf6 18. f5 e5 19. Bc4+ Kh8 20. Nh5 Qe7 21. Be6 Bh6
22. c4 Bc8 23. Bd5 Rb8 24. b4 Bb7 25. Be6 Bc8 26. Bd5 Bb7
27. Ra3 Bxd5 28. cxd5 Rg8 29. Rh3 Bg5 30. Qd3 a5 31. b5 Rbd8
32. Qc4 Rd7 33. Re2 Qf7 34. Qd3 Re7 35. Ng3 Rd7 36. Nf1 Re7
37. Nd2 Bxd2 38. Qxd2 Qg7 39. Qh6 Qxh6 40. Rxh6 Rf7 41. Kf2
Rg4 42. Rh3 Kg7 43. Rc3 Kf8 44. h3 Rgg7 45. Rec2 Ke8 46. Rc1
Kd8 47. Rg3 Ke8 48. Rcc3 Kf8 49. Rxg7 Rxg7 50. Rg3 Rf7 51. Kf3
Re7 52. Kg4 Rg7+ 53. Kh4 Rxg3 54. Kxg3 Kg7 55. Kg4 h6 56. Kh5
Kh7 57. g3 Kg7 58. h4 Kh7 59. g4 Kg7 60. g5 hxg5 61. hxg5 fxg5
62. Kxg5 Kf7 63. f6 Kf8 64. Kg6 Kg8 65. f7+ Kf8 66. Kf6 1-0

[Event "World Blitz Championship (Women)"]
[Site "Riyadh KSA"]
[Date "2017.12.30"]
[EventDate "2017.12.29"]
[Round "19.2"]
[Result "0-1"]
[White "Pia Cramling"]
[Black "Marie Sebag"]
[WhiteElo "2450"]
[BlackElo "2492"]
[PlyCount "70"]

1. d4 d5 2. c4 c6 3. cxd5 cxd5 4. Bg5 h6 5. Bh4 Qb6 6. Nc3 e6
7. Qd2 Nc6 8. e3 Nge7 9. Bd3 Bd7 10. Nf3 g5 11. Bg3 Bg7
12. O-O O-O 13. Na4 Qb4 14. Nc5 Qxd2 15. Nxd2 Bc8 16. Bd6 Rd8
17. Bc7 Re8 18. Rfc1 b6 19. Na4 Bb7 20. Nc3 Rec8 21. Bg3 Nb4
22. Be2 Nf5 23. a3 Nxg3 24. hxg3 Nc6 25. Nb5 Rd8 26. f4 Rac8
27. Kf2 a6 28. Nc3 b5 29. b4 Nxd4 30. Bd3 Nf5 31. Bxf5 exf5
32. Ndb1 d4 33. exd4 Rxd4 34. Ra2 Rdc4 35. Rac2 Be4 0-1

[Event "World Blitz Championship (Women)"]
[Site "Riyadh KSA"]
[Date "2017.12.30"]
[EventDate "2017.12.29"]
[Round "20.1"]
[Result "0-1"]
[White "Marie Sebag"]
[Black "Nana Dzagnidze"]
[WhiteElo "2492"]
[BlackElo "2522"]
[PlyCount "112"]

1. e4 c5 2. Nf3 e6 3. c3 d5 4. exd5 exd5 5. d4 Nc6 6. Bb5 Bd6
7. dxc5 Bxc5 8. O-O Nf6 9. Nbd2 O-O 10. Nb3 Bb6 11. Nbd4 Bd7
12. Be2 Ne4 13. Be3 h6 14. Bd3 Re8 15. Re1 Qf6 16. Nxc6 bxc6
17. Bd4 Bxd4 18. cxd4 Bg4 19. Be2 Rab8 20. Rb1 Bxf3 21. Bxf3
Rb4 22. Qc2 Rxd4 23. Rbc1 Rd2 24. Qxd2 Nxd2 25. Rxe8+ Kh7
26. Be2 Qxb2 27. Bd3+ g6 28. Rce1 Qd4 29. Bc2 Qc3 30. Bb3 Nxb3
31. axb3 d4 32. g3 Qxb3 33. Rd8 c5 34. Re7 a5 35. h4 h5
36. Rc7 a4 37. Rxc5 a3 38. Rxd4 Qb1+ 39. Kg2 a2 40. Ra5 a1=Q
41. Rxa1 Qxa1 42. Rf4 Qa2 43. Rd4 Kg7 44. Rf4 Qd5+ 45. Kg1 f6
46. Kh2 g5 47. hxg5 fxg5 48. Rb4 Qf3 49. Kg1 Qd1+ 50. Kg2 Qd5+
51. Kg1 Qc5 52. Rb1 Kg6 53. Re1 Kf5 54. Kg2 Qd5+ 55. Kg1 Kg4
56. Re3 Kh3 0-1

[Event "World Blitz Championship (Women)"]
[Site "Riyadh KSA"]
[Date "2017.12.30"]
[EventDate "2017.12.29"]
[Round "21.8"]
[Result "1-0"]
[White "Gunay Mammadzada"]
[Black "Marie Sebag"]
[WhiteElo "2333"]
[BlackElo "2492"]
[PlyCount "218"]

1. e4 c5 2. Nf3 d6 3. d4 cxd4 4. Nxd4 Nf6 5. Nc3 a6 6. Be3 e5
7. Nb3 Be6 8. h3 Be7 9. f4 exf4 10. Bxf4 Nc6 11. Qe2 Ne5
12. O-O-O Nfd7 13. Kb1 Rc8 14. Qe3 Qc7 15. Nd4 O-O 16. Nf5
Bxf5 17. exf5 b5 18. Qf2 Nb6 19. Be3 Ned7 20. a3 Rfe8 21. Bd4
d5 22. Bd3 Bf6 23. g4 Bxd4 24. Qxd4 Qe5 25. Qxe5 Nxe5 26. Rhf1
f6 27. Rf2 Kf7 28. Ne2 Nxd3 29. Rxd3 Re4 30. Nc3 Re5 31. Rfd2
Rd8 32. b3 g6 33. fxg6+ hxg6 34. Kb2 Rd7 35. Rd4 Rd8 36. Na2
Re3 37. R2d3 Rxd3 38. Rxd3 Ke6 39. Nb4 Ra8 40. Nc6 Rc8
41. Re3+ Kd6 42. Ne7 Rc7 43. Nxg6 d4 44. Re2 Nd5 45. Nh4 Ne3
46. Nf5+ Nxf5 47. gxf5 Kd5 48. Re6 Rc3 49. Rxf6 Rxh3 50. Rxa6
Rh2 51. Ra8 Ke4 52. Rd8 Rf2 53. Re8+ Kd5 54. Rf8 Kc5 55. Kc1
d3 56. Rc8+ Kb6 57. cxd3 Rxf5 58. Kd2 Rf1 59. Rb8+ Kc5
60. Rc8+ Kb6 61. Rc1 Rf2+ 62. Kc3 Rf4 63. Re1 Kc6 64. b4 Rf2
65. Re6+ Kc7 66. Kd4 Rc2 67. Re5 Kb6 68. Re6+ Kb7 69. Re5 Kb6
70. Rc5 Ra2 71. Rc3 Ra1 72. Kd5 Rh1 73. Rc6+ Kb7 74. Re6 Rh5+
75. Re5 Rh3 76. Kd4 Kb6 77. Re3 Rh5 78. Re6+ Kb7 79. Re5 Rh4+
80. Kc5 Rh3 81. Kxb5 Rxd3 82. a4 Rd6 83. Re7+ Kb8 84. Kc5 Ra6
85. Kb5 Rh6 86. Ka5 Rg6 87. b5 Rg4 88. Re6 Kb7 89. Re7+ Kb8
90. Rd7 Kc8 91. Ra7 Kb8 92. Rf7 Kc8 93. b6 Kb8 94. Kb5 Rg5+
95. Ka6 Rg8 96. a5 Rd8 97. Rb7+ Ka8 98. Rc7 Kb8 99. Rc5 Rd1
100. Kb5 Rb1+ 101. Kc6 Ra1 102. Rb5 Rc1+ 103. Rc5 Ra1 104. Re5
Rc1+ 105. Rc5 Ra1 106. b7 Rb1 107. a6 Ka7 108. Kc7 Rb2
109. Kc8 Rb1 1-0